| 000 | 00411nam a22001577a 4500 | ||
|---|---|---|---|
| 999 |
_c4135 _d4135 |
||
| 008 | 200720b ||||| |||| 00| 0 eng d | ||
| 082 | 0 | 0 |
_a620.0042 _bB6144 |
| 100 |
_9873 _aBinns, H. |
||
| 245 | 1 | 0 |
_aEngineering workshop drawing - I _cby H. Binns |
| 250 | _a1st ed. | ||
| 260 |
_aLondon _bEnglish Universities Press _c1949 |
||
| 300 | _a129 p. | ||
| 365 | _d5.08 | ||
| 650 | 0 | _aMechanical Drawing | |
| 942 | _cBK | ||